<?xml version="1.0" encoding="UTF-8"?>
<marc:record xmlns:marc="http://www.loc.gov/MARC21/slim">
   <marc:leader>00000nam a2200000 a 4500</marc:leader>
   <marc:datafield ind1="1" ind2=" " tag="100">
      <marc:subfield code="a">Sander, Kathrin</marc:subfield>
      <marc:subfield code="4">aut</marc:subfield>
      <marc:subfield code="e">Verfasser/-in</marc:subfield>
   </marc:datafield>
   <marc:datafield ind1=" " ind2=" " tag="653">
      <marc:subfield code="a">Softcover / Kinder- und Jugendbücher/Sachbücher</marc:subfield>
   </marc:datafield>
   <marc:datafield ind1=" " ind2=" " tag="653">
      <marc:subfield code="a">Sachbilderbücher</marc:subfield>
   </marc:datafield>
   <marc:datafield ind1=" " ind2=" " tag="653">
      <marc:subfield code="a">Führer</marc:subfield>
   </marc:datafield>
   <marc:datafield ind1=" " ind2=" " tag="653">
      <marc:subfield code="a">Kindersachbuch</marc:subfield>
   </marc:datafield>
   <marc:datafield ind1=" " ind2=" " tag="653">
      <marc:subfield code="a">Sachbücher und Sachbilderbücher für Kinder und Jugendliche</marc:subfield>
   </marc:datafield>
   <marc:datafield ind1="0" ind2="0" tag="245">
      <marc:subfield code="a">Hamburg</marc:subfield>
   </marc:datafield>
   <marc:datafield ind1="0" ind2="0" tag="245">
      <marc:subfield code="b">Stadtführer für Kinder</marc:subfield>
   </marc:datafield>
   <marc:datafield ind1="0" ind2="0" tag="245">
      <marc:subfield code="c">Kathrin Sander. Ill. von Michel Lengenfelder</marc:subfield>
   </marc:datafield>
   <marc:datafield ind1=" " ind2="1" tag="264">
      <marc:subfield code="a">Wien</marc:subfield>
      <marc:subfield code="b">Picus-Verl.</marc:subfield>
      <marc:subfield code="c">2013</marc:subfield>
   </marc:datafield>
   <marc:datafield ind1="1" ind2=" " tag="520">
      <marc:subfield code="a">Angaben aus der Verlagsmeldung

Hamburg : Stadtführer für Kinder / von Kathrin Sander

Reiseredakteurin Kathrin Sander gibt kundige Einblicke in ihre Lieblingsmetropole. Auf das Verständnis und die Interessen von Kindern im Alter von acht bis zwölf Jahren zugeschnitten, führt die Autorin auf sechs abwechslungsreichen Spaziergängen zu den wesentlichen Sehenswürdigkeiten der Stadt. Als ideale Anregung für kleine Besucher sowie einheimische Kinder und ihre erwachsenen Begleiter finden sich nicht nur konkrete Gehrouten inklusive Übersichtsplänen, Hinweise auf öffentliche Verkehrsmittel und -Öffnungszeiten, sondern auch jede Menge Tipps für Unternehmungen, die in und um Hamburg Spaß machen.
Ein kurzes geschichtliches Kapitel bietet zur Einleitung einen guten Überblick darüber, wie aus einer Burg Hamburg entstand und sich zur Millionenstadt entwickelte. Lustige Rätselfragen und Aktivitätsblöcke unterbrechen die spannenden Schilderungen. Die fröhlichen und turbulenten Illustrationen von Michel Lengenfelder lockern Geschichten und Geschichte noch zusätzlich auf und bringen eine weitere Dimension der Wissensvermittlung für zukünftige Hamburgkenner ins Spiel.
</marc:subfield>
   </marc:datafield>
   <marc:datafield ind1=" " ind2=" " tag="020">
      <marc:subfield code="a">9783854521693</marc:subfield>
      <marc:subfield code="9">9783854521693</marc:subfield>
   </marc:datafield>
   <marc:datafield ind1=" " ind2=" " tag="041">
      <marc:subfield code="a">ger</marc:subfield>
   </marc:datafield>
   <marc:datafield ind1=" " ind2=" " tag="300">
      <marc:subfield code="a">79 S.</marc:subfield>
   </marc:datafield>
</marc:record>
